000 00358 a2200169 4500
001 183306
020 _a
040 _cMagnum
100 _aOliveira, Fagundes de
240 1 0 _aConstelação de idéias
_lpor
245 1 0 _aConstelação de idéias
300 _a220
362 0 _a1970
440 1 _aRecord
697 _aLITERATURA GERAL
942 _cBK
999 _c183306
_d183306